Redacción y publicación de artículos Científicos : Enfoque discurso / Mireya Cisneros Estupiñán, Giohanny Olave Arias (Registro nro. 21099)

Detalles MARC
000 -LEADER
fixed length control field 00938nam a2200277Ia 4500
001 - CONTROL NUMBER
control field 20544
003 - CONTROL NUMBER IDENTIFIER
control field DO-CoUTE
005 - DATE AND TIME OF LATEST TRANSACTION
control field 20260204212613.0
008 - FIXED-LENGTH DATA ELEMENTS--GENERAL INFORMATION
fixed length control field 220104s9999 dr 000 0 spa d
020 ## - INTERNATIONAL STANDARD BOOK NUMBER
International Standard Book Number 978-958-648-757-3
040 ## - CATALOGING SOURCE
Original cataloging agency DO-CoUTE
Language of cataloging spa
Transcribing agency DO-CoUTE
041 0# - LANGUAGE CODE
Language code of text/sound track or separate title spa
082 ## - DEWEY DECIMAL CLASSIFICATION NUMBER
Classification number 001.4 C579r 2012
Edition number 21
100 1# - MAIN ENTRY--PERSONAL NAME
Personal name Cisneros Estupiñan, Mireya
Fuller form of name autor
245 10 - TITLE STATEMENT
Title Redacción y publicación de artículos Científicos : Enfoque discurso / Mireya Cisneros Estupiñán, Giohanny Olave Arias
260 ## - PUBLICATION, DISTRIBUTION, ETC.
Place of publication, distribution, etc. Bogotá, Colombia :
Name of publisher, distributor, etc. ECOE ediciones,
Date of publication, distribution, etc. 2012
300 ## - PHYSICAL DESCRIPTION
Extent 139 páginas :
Other physical details Ilustraciones ;
Dimensions 24cm.
440 ## - SERIES STATEMENT/ADDED ENTRY--TITLE
Title Educación y pedagogía
650 #4 - SUBJECT ADDED ENTRY--TOPICAL TERM
Topical term or geographic name entry element Arte de escribir
650 #4 - SUBJECT ADDED ENTRY--TOPICAL TERM
Topical term or geographic name entry element Publicaciones cientificas
650 #4 - SUBJECT ADDED ENTRY--TOPICAL TERM
Topical term or geographic name entry element Redacción de escritos técnicos
700 1# - ADDED ENTRY--PERSONAL NAME
Personal name Olave Arias, Giohanny
942 ## - ADDED ENTRY ELEMENTS (KOHA)
Source of classification or shelving scheme Dewey Decimal Classification
Koha item type Libros
Existencias
Withdrawn status Lost status Source of classification or shelving scheme Damaged status Not for loan Collection code Home library Current library Shelving location Date acquired Inventory number Total Checkouts Full call number Barcode Date last seen Copy number Price effective from Koha item type
    Dewey Decimal Classification     Colección General Biblioteca UTECO Biblioteca UTECO En Estantería 01/02/2021 020183   001.4 C579r 2012 020183 03/30/2022 Ej.1 01/03/2021 Libros
© 2021 Derechos Reservados UTECO - Teléfono: +1 809-585-2291 - Correo electrónico: biblioteca@uteco.edu.do​  
Código postal 43000 ​​
Dirección: Avenida Universitaria No. 100, 
Cotuí, Provincia Sánchez Ramírez, República Dominicana - RNC: 404-00059-6